| 000 | 00804nam a2200217Ia 4500 | ||
|---|---|---|---|
| 001 | 8609 | ||
| 003 | GE_BSU | ||
| 008 | 181216s||||||||xx |||||||||||||| ||und|| | ||
| 040 | _cGE_BSU | ||
| 080 | _a821.353.1-32 | ||
| 100 | _aთორდუა, ვლადიმერ | ||
| 245 | _aმოთხრობები ნამდვილ ადამიანებზე. | ||
| 245 | _cრედ.: შ. კაპანაძე; მხატვ.: თ. ჯვარშეიშვილი. | ||
| 260 | _aთბილისი. | ||
| 260 | _bსაბჭ. საქართველო | ||
| 260 | _c1967 | ||
| 300 | _a218 გვ; 20 სმ. | ||
| 300 | _b1 ფ. პორტრ. | ||
| 653 | _aმოთხრობები ნამდვილ ადამიანებზე. | ||
| 942 | _cBK | ||
| 999 |
_c41925 _d41925 |
||